00734nam a22002297a 4500003000400000005001700004008004100021010002300062020002300085035003300108037001600141040001500157082001600172245007300188260003800261270005500299300002200354500004100376650003400417650003600451700001700487dpl20180719132436.0180523b xxu||||| |||| 00| 0 eng d aB-217631, B-217636 c550.00a818858374X aB-217631, B-271636 ,B-217632 bCen Lib/Ret aDPLbENc0 a954.36bBEA aThe beautiful India :cedited by S.A. Rahman bAndaman and Nikobar / aNew DelhibReference press c2005 bNew Delhia4831/24, Ansari road, Daryaganje110002 ax,245p.c21cm(Hb) aIncludes bibliographical references  aHistoryzAndaman and Nikobar  aGeographyzAndaman and Nikobar  aRahman, S.A.